1497 1408 1710 1304 1111 1432 1849 1111 1726 1083 1139 1761 1824 1674 1457 1328 1024 1001 1989 1578 1414 1745 1740 1095 1183 1797 1263 1209 1850 1795 1135 1261 1859 1894 1568 1948 1481 1244 1549 1687 1518 1055 1040 1869 1147 1197 1785 1442 1720 1491 1807 1269 1130 1509 1852 1412 1679 1150 1732 1610 1682 1161 1264 1110 1938 1272 1039 1032 1053 1851 1738 1275 1731 1135 1445 1341 1551 1595 1105 1800 1307 1788 1613 1517 1362 1572 1631 1516 1273 1824 1396 1846 1667 1763 1145 1815 1635 1799 1423 BCNSPRNW ULIB Ver.6.0+V

เปลี่ยนเป็นภาษาไทย

Change to English
 แสดงรายละเอียดบรรณานุกรม
  กลับหน้าหลัก

Brief Record : Get Marc (ISO 2709) : E-mail record : QR code < ปิดหน้าต่าง
LEADER : 00000nam 2200000uu 4500
001    13399127815
003     ULIB
008    210930s2562||||th 000 0 tha d
020    ^a9789742937911
020    ^a9742937915 (ล.2)
060 04 ^aWY157^bก496ก^cล.2
110 1  ^aกระทรวงสาธารณสุข. ^bสถาบันพระบรมราชชนก.^bโครงการสวัสดิการวิชาการ
245 00 ^aการพยาบาลสูติศาสตร์ เล่ม 2 /^cบรรณาธิการ, มณีภรณ์ โสภานุสรณ์
250    ^aพิมพ์ครั้งที่ 15
260    ^aนนทบุรี :^bโครงการสวัสดิการวิชาการ สถาบันพระบรมราชชนกกระทรวงสาธารณสุข,^c2562
300    ^a213 หน้า:^bภาพประกอบ ;^c26 ซม.
650  7 ^aการพยาบาลสูติศาสตร์
700 0  ^aวรรณรัตน์ จงเจริญยานนท์,^eบรรณาธิการ
710 2  ^aกระทรวงสาธารณสุข. ^bสถาบันพระบรมราชชนก.^bโครงการสวัสดิการวิชาการ
945    ^p200^l0^i008276
945    ^p200^l0^i008277
945    ^p200^l0^i008278
945    ^p200^l0^i008279
945    ^p200^l0^i008280
945    ^p200^l0^i008281
945    ^p200^l0^i008282
945    ^p200^l0^i008283
945    ^p200^l0^i008284
945    ^p200^l0^i008285
999    ^aประนอม เกษจรัล
รายการนี้ยังไม่มีแท็ก
คุณยังไม่ได้ล็อกอิน คุณสามารถมีกิจกรรมร่วมกับเว็บไซต์ได้ แต่ต้องล็อกอินก่อน ::
  ล็อกอิน

รายการสื่อสารสนเทศ

ลำดับที่ ประเภท เลขเรียก/บาร์โค้ด สถานที่ สถานะ
1. Book การพยาบาล
หนังสือสำรอง
สถานะ=หนังสือสำรอง
WY157 ก496ก ล.2 ฉ.1 
  Barcode: 008276
ห้องสมุดวิทยาเขตสวรรค์ประชารักษ์
►หนังสือทั่วไป
บนชั้น
2. Book การพยาบาล
Book การพยาบาล
WY157 ก496ก ล.2 ฉ.10 
  Barcode: 008285
ห้องสมุดวิทยาเขตสวรรค์ประชารักษ์
►หนังสือทั่วไป
บนชั้น
3. Book การพยาบาล
Book การพยาบาล
WY157 ก496ก ล.2 ฉ.2 
  Barcode: 008277
ห้องสมุดวิทยาเขตสวรรค์ประชารักษ์
►หนังสือทั่วไป
ถูกยืม กำหนดส่งวันที่ 25 กรกฎาคม 2568
  จอง
4. Book การพยาบาล
Book การพยาบาล
WY157 ก496ก ล.2 ฉ.3 
  Barcode: 008278
ห้องสมุดวิทยาเขตสวรรค์ประชารักษ์
►หนังสือทั่วไป
บนชั้น
5. Book การพยาบาล
Book การพยาบาล
WY157 ก496ก ล.2 ฉ.4 
  Barcode: 008279
ห้องสมุดวิทยาเขตสวรรค์ประชารักษ์
►หนังสือทั่วไป
บนชั้น
6. Book การพยาบาล
Book การพยาบาล
WY157 ก496ก ล.2 ฉ.5 
  Barcode: 008280
ห้องสมุดวิทยาเขตสวรรค์ประชารักษ์
►หนังสือทั่วไป
บนชั้น
7. Book การพยาบาล
Book การพยาบาล
WY157 ก496ก ล.2 ฉ.6 
  Barcode: 008281
ห้องสมุดวิทยาเขตสวรรค์ประชารักษ์
►หนังสือทั่วไป
บนชั้น
8. Book การพยาบาล
Book การพยาบาล
WY157 ก496ก ล.2 ฉ.7 
  Barcode: 008282
ห้องสมุดวิทยาเขตสวรรค์ประชารักษ์
►หนังสือทั่วไป
ถูกยืม กำหนดส่งวันที่ 23 เมษายน 2569
  จอง
9. Book การพยาบาล
Book การพยาบาล
WY157 ก496ก ล.2 ฉ.8 
  Barcode: 008283
ห้องสมุดวิทยาเขตสวรรค์ประชารักษ์
►หนังสือทั่วไป
บนชั้น
10. Book การพยาบาล
Book การพยาบาล
WY157 ก496ก ล.2 ฉ.9 
  Barcode: 008284
ห้องสมุดวิทยาเขตสวรรค์ประชารักษ์
►หนังสือทั่วไป
ถูกยืม กำหนดส่งวันที่ 30 เมษายน 2569
  จอง

รายการใกล้เคียง
    หัวเรื่อง [การพยาบาลสูติศาสตร์]

BibComment


ยังไม่เคยถูกคอมเมนท์

คอมเมนท์ทรัพยากรรายการนี้
  คอมเมนท์: การพยาบาลสูติศาส..


 Copyright 2026. Bcnsprnw @Library